Ḥayāt ʻUmar (Record no. 50890)

MARC details
000 -LEADER
fixed length control field 00598cam a22002171 4500
001 - CONTROL NUMBER
control field ne 68003943
003 - CONTROL NUMBER IDENTIFIER
control field DLC
005 - DATE AND TIME OF LATEST TRANSACTION
control field 20260227111848.0
008 - FIXED-LENGTH DATA ELEMENTS--GENERAL INFORMATION
fixed length control field 860203s1968 ua 000 0barar
010 ## - LIBRARY OF CONGRESS CONTROL NUMBER
LC control number ne 68003943
020 ## - INTERNATIONAL STANDARD BOOK NUMBER
Terms of availability £E0.40
035 ## - SYSTEM CONTROL NUMBER
System control number (OCoLC)13098832
040 ## - CATALOGING SOURCE
Original cataloging agency DLC
Transcribing agency TxU
Modifying agency TxU
-- DLC
042 ## - AUTHENTICATION CODE
Authentication code premarc
050 00 - LIBRARY OF CONGRESS CALL NUMBER
Classification number DS238.U5
Item number S45
100 1# - MAIN ENTRY--PERSONAL NAME
Personal name Shalabī, Maḥmūd.
245 10 - TITLE STATEMENT
Title Ḥayāt ʻUmar
Remainder of title [taʼlīf] Maḥmūd Shalabī.
260 ## - PUBLICATION, DISTRIBUTION, ETC.
Place of publication, distribution, etc. Miṣr,
Name of publisher, distributor, etc. Maktabat al-Qāhirah
Date of publication, distribution, etc. [1968]
300 ## - PHYSICAL DESCRIPTION
Extent 413 p.
Dimensions 24 cm.
600 00 - SUBJECT ADDED ENTRY--PERSONAL NAME
Personal name ʻUmar ibn al-Khaṭṭāb,
Titles and other words associated with a name Caliph,
Dates associated with a name -644.

No items available.

Powered by Koha